| 000 | 01165naa a22003257a 4500 | ||
|---|---|---|---|
| 001 | BR7000260 | ||
| 003 | BR-BrBNA | ||
| 005 | 20240918173358.0 | ||
| 007 | ta | ||
| 008 | 230509b bl.||||| |||| 00| 0 por d | ||
| 040 |
_aBR-BrBNA _bpor _cBiblioteca Nacional de Agricultura |
||
| 041 | _a(Pt) | ||
| 072 |
_aL00; L30 _b5300 |
||
| 090 | _aL00 BR7000260 | ||
| 100 | 1 | _aSpers, A. (Comp.) | |
| 111 | 1 |
_a4. Seminario Nacional do Porco Carne _cFlorianopolis, SC (Brazil) _d9 Sep 1970 |
|
| 245 | 1 | _aEstudo comparativo da recria e terminacao de suinos em confinamento e pastoreio [Producao Animal; Nutricao Animal; Sus Domesticus] | |
| 260 | 3 |
_aFlorianopolis, SC (Brasil): _c1970. |
|
| 500 | _aAnais. 4. Seminario Nacional do Porco Carne Florianopolis, SC (Brasil): 1970. p. 136 (BR7000260-AM)L00 | ||
| 650 | _aProducao Animal | ||
| 650 | _aNutricao Animal | ||
| 650 | _aSuino | ||
| 650 | _aCriacao | ||
| 650 | _aConfinamento | ||
| 650 | _aPastejo | ||
| 650 | _aSao Paulo | ||
| 773 | 0 |
_tAnais. 4. Seminario Nacional do Porco Carne _wL00 BR7000260 _gFlorianopolis, SC (Brasil), 1970. p. 136 |
|
| 909 |
_a202404 _bLucia _c55 _dLucia Elande |
||
| 942 |
_cAM _2AGRIS |
||
| 999 |
_c304282 _d304282 |
||